000 00605nam a2200193Ia 4500
005 20250508151431.0
008 008 250505s9999 xx 000 0 eng d
037 _aTextual
040 _aFEDL
_beng
_cFEDL
041 _aeng
_2eng
084 _a373.9541, CAL
_qFEDL
100 _aBasu Anathnath
245 0 _aSecondary education in Bengal: A study
260 _aCalcutta, India
_bCalcutta University Press
_c1940
300 _a91p.
546 _aBulletin of the teachers' training department, Calcutta University No. 1
942 _cTEXL
_h373.9541, CAL
999 _c1329766
_d1329766